000 00447cam a22001812a 4500
001 011541
003 AR-FADEU
008 311216n1966####xxu####################dd
092 _a364.3
_bB482
100 _aBernstein, Saúl
245 _aJuventud en las calles : trabajos con grupos juveniles descarriados
260 _aMéxico
260 _bLetras
260 _c1966
300 _a221 p
650 _aDELINCUENCIA JUVENIL
942 _cBDGR
999 _c17316
_d17316